Missing Word: TV MA - MZ Quiz Stats

 Plays Quiz Updated Oct 28, 2019

Score 0/24 Timer 04:00
3 Plays Today
TV Show Answer % Correct
Mission: ___ (I)Impossible
97.8%
(The) Memoirs of Sherlock ___ (H)Holmes
97.8%
Mad About ___ (Y)You
97.1%
Miami ___ (V)Vice
96.4%
Magnum, ___ (P)P.I.
95.7%
Mad ___ (M)Men
94.7%
My So-Called ___ (L)Life
93.9%
Monty Python's Flying ___ (C)Circus
93.6%
My Name Is ___ (E)Earl
90.6%
My Wife and ___ (K)Kids
87.8%
Mr. ___ (B)Bean
85.2%
Mighty ___ (D)Ducks
84.4%
TV Show Answer % Correct
(The) Moment of ___ (T)Truth
78.9%
(The) Man from ___ (U)U.N.C.L.E.
78.5%
Mozart in the ___ (J)Jungle
74.2%
Master of ___ (N)None
73.8%
Marvel's Agents of ___ (S)S.H.I.E.L.D.
72.3%
McMillan & ___ (W)Wife
66.3%
Meet Ricky ___ (G)Gervais
63.3%
Man v. ___ (F)Food
62.7%
Monster ___ (Q)Quest
46.2%
Mr. ___ (R)Robot
40.2%
Man from ___ (A)Atlantis
37.2%
Making ___ (O)Out
36.3%

Today's Daily Dose

Missing Word
Video Games (A-Z)

Get the Picture
Tom Hanks

You're not logged in!

Compare scores with friends on all Sporcle quizzes.
OR
Log In

Sporcle TV

Today on Sporcle TV


Watch our educational content, quiz creation guides, and fun videos on Sporcle TV.

Show Comments

Extras

Top Quizzes Today


Score Distribution

Your Account Isn't Verified!

In order to create a playlist on Sporcle, you need to verify the email address you used during registration. Go to your Sporcle Settings to finish the process.

Report this User

Report this user for behavior that violates our Community Guidelines.

Details: